1521 1866 1447 1009 1961 1397 1792 1026 1815 1138 1263 1222 1277 1535 1184 1662 1636 1789 1990 1926 1589 1627 1770 1531 1999 1494 1060 1156 1678 1328 1265 1567 1517 1984 1153 1457 1231 1123 1737 1584 1324 1998 1794 1724 1847 1333 1041 1012 1255 1065 1905 1151 1607 1136 1930 1079 1799 1639 1231 1064 1414 1189 1297 1014 1198 1961 1604 1239 1386 1554 1096 1569 1710 1489 1571 1018 1951 1441 1410 1801 1536 1712 1873 1350 1327 1575 1536 1319 1352 1187 1361 1909 1415 1560 1805 1434 1121 1480 1096 BCNSPRNW ULIB Ver.6.0+V

เปลี่ยนเป็นภาษาไทย

Change to English
 แสดงรายละเอียดบรรณานุกรม
  กลับหน้าหลัก

Brief Record : Get Marc (ISO 2709) : E-mail record : QR code < ปิดหน้าต่าง
LEADER : 00000nam 2200000uu 4500
001    13399109924
003     ULIB
008    110418s2551||||th 000 0 tha d
020    9789745984455
050  4 BF637.S8^bบ468ค 2551
100 0  บุญเทือง โพธ์เจริญ
245 10 ความสุขที่คุณสร้างได้ /^cบุญเทือง โพธ์เจริญ
250    พิมพ์ครั้งที่ 1
260    กรุงเทพฯ :^bฐานบุ๊คส์,^c2551
300    177 หน้า :^bภาพประกอบ ;^c21 ซม.
650  7 การดำเนินชีวิต
650  7 จิตวิทยาประยุกต์
945    ^p170^l0^i028001
995    ทศพร
999 ^a ใช้งานได้ทุกระบบ
รายการนี้ยังไม่มีแท็ก
คุณยังไม่ได้ล็อกอิน คุณสามารถมีกิจกรรมร่วมกับเว็บไซต์ได้ แต่ต้องล็อกอินก่อน ::
  ล็อกอิน

รายการสื่อสารสนเทศ

ลำดับที่ ประเภท เลขเรียก/บาร์โค้ด สถานที่ สถานะ
- ไม่พบข้อมูล -

รายการใกล้เคียง
    หัวเรื่อง [การดำเนินชีวิต]
    หัวเรื่อง [จิตวิทยาประยุกต์]

BibComment


ยังไม่เคยถูกคอมเมนท์

คอมเมนท์ทรัพยากรรายการนี้
  คอมเมนท์: ความสุขที่คุณสร้า..


 Copyright 2026. Bcnsprnw @Library